000 00623nam a22002177a 4500
005 20251108175345.0
008 250721s2002 xx 000 0 ara d
020 _a9953293031
082 1 4 _a615.89/فاع
100 1 _aفاعور، عبد الحسن
245 1 0 _aالنساء و الطب التجانسي /
246 1 1 _agynecologie homepathique
264 1 _aبيروت :
_bالدار العربية للعلوم،
_c2002.
300 _a211 ص.
650 1 7 _aالطب
650 1 7 _aالأمراض
650 1 7 _aالطب التجريبي
650 1 7 _aالأدوية
942 _2ddc
_cBK
999 _c132226
_d132226